Call for OFT investigation over high premiums (Record no. 73122)
[ view plain ]
| 000 -LEADER | |
|---|---|
| fixed length control field | 01030cam a2200205 4500 |
| 001 - CONTROL NUMBER | |
| control field | WB3929-12 |
| 008 - FIXED-LENGTH DATA ELEMENTS--GENERAL INFORMATION | |
| fixed length control field | 030729n2003 000 0 eng u |
| 035 ## - SYSTEM CONTROL NUMBER | |
| System control number | (Sirsi) u123138 |
| 245 ## - TITLE STATEMENT | |
| Title | Call for OFT investigation over high premiums |
| 260 ## - PUBLICATION, DISTRIBUTION, ETC. | |
| Date of publication, distribution, etc. | 2003 |
| 490 ## - SERIES STATEMENT | |
| Series statement | Estates Gazette |
| Volume/sequential designation | (0330) 26 July 2003, 15(1) |
| 520 ## - SUMMARY, ETC. | |
| Summary, etc. | There are calls for an Office of Fair Trading investigation over evidence of a fourfold increase in agents' professional indemnity insurance. A partner at Harvey Spack Field said that the premiums for their £6m cover had gone up to £120 000 from £30 000. Chairman of the RICS Commercial Property faculty Graham Chase argued that he had not seen evidence of fixing but of a lack of capacity. RICS would take this further if there was evidence on collusion and fixing of premiums. |
| 590 ## - LOCAL NOTE (RLIN) | |
| Local note | WB |
| 650 ## - SUBJECT ADDED ENTRY--TOPICAL TERM | |
| Topical term or geographic name entry element | PROFESSIONAL INDEMNITY INSURANCE |
| 650 ## - SUBJECT ADDED ENTRY--TOPICAL TERM | |
| Topical term or geographic name entry element | OFFICE OF FAIR TRADING |
| 650 ## - SUBJECT ADDED ENTRY--TOPICAL TERM | |
| Topical term or geographic name entry element | HARVEY SPACK FIELD |
| 650 ## - SUBJECT ADDED ENTRY--TOPICAL TERM | |
| Topical term or geographic name entry element | COMMERCIAL FACULTY |
| 690 ## - LOCAL SUBJECT ADDED ENTRY--TOPICAL TERM (OCLC, RLIN) | |
| Topical term or geographic name as entry element | Insurance |
| 9 (RLIN) | 6249 |
| 942 ## - ADDED ENTRY ELEMENTS (KOHA) | |
| Suppress in OPAC | 0 |
| Withdrawn status | Lost status | Source of classification or shelving scheme | Damaged status | Not for loan | Home library | Current library | Shelving location | Date acquired | Total Checkouts | Full call number | Barcode | Date last seen | Copy number | Price effective from | Koha item type |
|---|---|---|---|---|---|---|---|---|---|---|---|---|---|---|---|
| Dewey Decimal Classification | London | London | News article | 29/07/2003 | WB3929-12 | 123138-1001 | 06/08/2019 | 1 | 06/08/2019 | News article |